Valtioita rajattujen satelliittikuvien mukaan #3 - Statistics

Yleistilastot
  • Tätä visaa on pelattu 299 kertaa
  • Keskiarvotulos 10 / 15
Vastaustilastot
Kuvavisa Vastaus % Oikein
Islanti
94%
Egypti
93%
Norja
93%
Irlanti
81%
Venäjä
78%
Kanada
75%
Kiina
75%
Australia
73%
Yhdysvallat
73%
Chile
61%
Intia
57%
Haiti
50%
Thaimaa
49%
Alankomaat
41%
Senegal
19%
Ehtoja vastaavia visoja ei löytynyt
Tulosjakauma
Jokaisen tuloksen saaneiden osuus
Persentiili vastausten määrän mukaan
Tuloshistoriasi
Et ole pelannut tätä visaa